[Event "4NCL 3 South pool B"]
[Site "Reading, ENG"]
[Date "2017.03.18"]
[Round "7.51"]
[White "Britton, Richard L"]
[Black "Peters, Alexander John"]
[Result "1-0"]
[WhiteElo "2183"]
[BlackElo "1993"]
[PlyCount "61"]
[EventDate "2017.03.18"]

1. e4 Nf6 2. d3 d5 3. Nd2 Nc6 4. Ngf3 Bg4 5. Be2 dxe4 6. dxe4 Bxf3 7. Bxf3 e5
8. c3 Be7 9. O-O O-O 10. Qb3 Na5 11. Qb5 c5 12. Rd1 a6 13. Qe2 Qc7 14. Nf1 Rfd8
15. Bd2 Nc6 16. Ne3 Bd6 17. g3 b5 18. h4 Ne7 19. h5 Rab8 20. h6 g6 21. Bg2 a5
22. Qf3 Ne8 23. Ng4 f5 24. exf5 gxf5 25. Ne3 e4 26. Qh5 f4 27. Bh3 fxe3 28.
Be6+ Kh8 29. Qf7 exf2+ 30. Kg2 f1=B+ 31. Rxf1 1-0

[Event "4NCL 3 South pool B"]
[Site "Reading, ENG"]
[Date "2017.03.18"]
[Round "7.52"]
[White "Reynolds, D Ian W"]
[Black "Walker, Nicholas P"]
[Result "1/2-1/2"]
[WhiteElo "1996"]
[BlackElo "2152"]
[PlyCount "94"]
[EventDate "2017.03.18"]

1. e4 e6 2. d3 c5 3. g3 Nc6 4. Bg2 g6 5. f4 Bg7 6. Nf3 Nge7 7. O-O O-O 8. c3 d5
9. Qc2 b6 10. Rd1 Bb7 11. Nbd2 Rc8 12. Nf1 Rc7 13. e5 Qa8 14. Qf2 h5 15. h3 d4
16. c4 f6 17. exf6 Bxf6 18. Qe2 Nf5 19. g4 hxg4 20. hxg4 Ne3 21. Nxe3 dxe3 22.
Bxe3 Nd4 23. Nxd4 cxd4 24. Bd2 Bxg2 25. Qxg2 Qxg2+ 26. Kxg2 e5 27. fxe5 Bxe5
28. Rf1 b5 29. Rxf8+ Kxf8 30. Bb4+ Kf7 31. b3 bxc4 32. dxc4 Ke6 33. Re1 Rh7 34.
Rh1 Rf7 35. Bd2 Bf4 36. Re1+ Kd6 37. Bb4+ Kd7 38. Bc5 d3 39. Rd1 Ke6 40. Bb4 d2
41. a3 Bg5 42. Kg3 Rd7 43. Kf3 Rd3+ 44. Ke4 Re3+ 45. Kd4 Rxb3 46. Bxd2 Bxd2 47.
Rxd2 Rg3 1/2-1/2

[Event "4NCL 3 South pool B"]
[Site "Reading, ENG"]
[Date "2017.03.18"]
[Round "7.53"]
[White "Chin, F."]
[Black "Savage, Nicholas W"]
[Result "1/2-1/2"]
[WhiteElo "2110"]
[BlackElo "2026"]
[PlyCount "42"]
[EventDate "2017.03.18"]

1. d4 Nf6 2. Bg5 Ne4 3. Bh4 c5 4. Nd2 d5 5. Nxe4 dxe4 6. dxc5 Qa5+ 7. c3 Qxc5
8. Qa4+ Qc6 9. Qxc6+ Nxc6 10. e3 e5 11. Bb5 Be6 12. f3 Bc5 13. fxe4 Bxe3 14.
Nf3 f6 15. Bf2 Bxf2+ 16. Kxf2 Kd7 17. b3 Rhd8 18. Ke3 Kc7 19. Rhd1 Rxd1 20.
Rxd1 Rd8 21. Rd2 Rd6 1/2-1/2

[Event "4NCL 3 South pool B"]
[Site "Reading, ENG"]
[Date "2017.03.18"]
[Round "7.54"]
[White "Kenning, Paul H"]
[Black "Clancy, Martin J"]
[Result "1-0"]
[WhiteElo "1865"]
[BlackElo "1904"]
[PlyCount "51"]
[EventDate "2017.03.18"]

1. e4 g6 2. d4 Bg7 3. Nc3 d6 4. Nf3 a6 5. Be3 Nf6 6. Qd2 b5 7. Bd3 Bb7 8. a3
Nbd7 9. Bh6 O-O 10. O-O c5 11. Rfe1 cxd4 12. Nxd4 Rc8 13. h3 Ne5 14. Rac1 Nc4
15. Bxc4 Rxc4 16. Bxg7 Kxg7 17. b3 Rc5 18. f3 Qc7 19. Nce2 Rc8 20. Nf4 Kg8 21.
Nfe6 fxe6 22. Nxe6 Rxc2 23. Qh6 Nh5 24. Nxc7 R8xc7 25. Rxc2 Rxc2 26. Rc1 1-0

[Event "4NCL 3 South pool B"]
[Site "Reading, ENG"]
[Date "2017.03.18"]
[Round "7.55"]
[White "Conway, Paul Bernard"]
[Black "Szymanski, Mark"]
[Result "1/2-1/2"]
[WhiteElo "1856"]
[BlackElo "1898"]
[PlyCount "68"]
[EventDate "2017.03.18"]

1. e4 c6 2. d4 d5 3. exd5 cxd5 4. Bd3 Nc6 5. c3 Nf6 6. h3 g6 7. Nf3 Bg7 8. Bf4
O-O 9. Nbd2 Re8 10. O-O a6 11. Re1 b5 12. Ne5 Bb7 13. Ndf3 Nd7 14. Ng4 f6 15.
Nh6+ Bxh6 16. Bxh6 e5 17. dxe5 Ndxe5 18. Bc2 Na5 19. Nd4 Nac4 20. Qc1 Qd7 21.
b3 Nd6 22. Be3 Ne4 23. Ne2 Rac8 24. Qb2 Qc6 25. Bd4 b4 26. Bxe4 dxe4 27. Bxe5
Rxe5 28. cxb4 e3 29. f3 Rg5 30. Nd4 Qc3 31. Qxc3 Rxc3 32. Rac1 Rxc1 33. Rxc1
Rd5 34. Rc4 Rd7 1/2-1/2

[Event "4NCL 3 South pool B"]
[Site "Reading, ENG"]
[Date "2017.03.18"]
[Round "7.56"]
[White "Calvert, D Ian"]
[Black "Burgoyne, Peter A"]
[Result "0-1"]
[WhiteElo "1925"]
[BlackElo "1690"]
[PlyCount "108"]
[EventDate "2017.03.18"]

1. b3 e5 2. Bb2 Nc6 3. Nf3 e4 4. Nd4 Nf6 5. e3 d5 6. Nxc6 bxc6 7. c4 Bd6 8. Be2
Qe7 9. d4 Qd8 10. Nc3 O-O 11. O-O Re8 12. Rc1 Rb8 13. c5 Bf8 14. Qd2 Ng4 15. h3
Nh6 16. Rce1 f5 17. f3 Be7 18. f4 Bh4 19. Rb1 g5 20. Bc1 g4 21. Kh2 Kh8 22. g3
Bf6 23. Qe1 gxh3 24. Kxh3 Rg8 25. Qf2 Ng4 26. Bxg4 Rxg4 27. Bd2 Qg8 28. Be1 Qg7
29. Qh2 Ba6 30. Rg1 Rg8 31. Bf2 h5 32. Kg2 h4 33. Kh1 Qh7 34. Rbd1 R8g6 35.
gxh4 Bxh4 36. Rxg4 Rxg4 37. Bg1 Kg7 38. Rd2 Qg6 39. Rg2 Bg3 40. Rxg3 Rxg3 41.
Bf2 Rg4 42. Bh4 Bf1 43. Bg5 Bg2+ 44. Kg1 Bf3+ 45. Kf2 Rg2+ 46. Qxg2 Bxg2 47.
Kxg2 Qh5 48. Kf1 Qh1+ 49. Ke2 Qc1 50. Nd1 Qc2+ 51. Ke1 Qxa2 52. Bd8 Qxb3 53.
Bxc7 Qb4+ 54. Ke2 a5 0-1

[Event "4NCL 3 South pool B"]
[Site "Reading, ENG"]
[Date "2017.03.18"]
[Round "7.61"]
[White "Somerfield, Adrian P"]
[Black "Forster, Matthew"]
[Result "1/2-1/2"]
[WhiteElo "2109"]
[BlackElo "1971"]
[PlyCount "41"]
[EventDate "2017.03.18"]

1. d4 c5 2. e3 e6 3. Nf3 Nf6 4. Bd3 d5 5. c3 Nc6 6. Nbd2 b6 7. a3 Be7 8. O-O
O-O 9. e4 dxe4 10. Nxe4 cxd4 11. Nxf6+ Bxf6 12. Be4 Ba6 13. Bxc6 Rc8 14. Be4
Bxf1 15. Qxf1 dxc3 16. bxc3 Rxc3 17. Rb1 Rc8 18. Bf4 Qe7 19. Rb3 Rfd8 20. g3 h6
21. Be3 1/2-1/2

[Event "4NCL 3 South pool B"]
[Site "Reading, ENG"]
[Date "2017.03.18"]
[Round "7.62"]
[White "Rogacewicz, Mikolaj"]
[Black "Brau, Julio"]
[Result "0-1"]
[WhiteElo "1937"]
[BlackElo "2036"]
[PlyCount "92"]
[EventDate "2017.03.18"]

1. d4 Nf6 2. c4 e6 3. Nf3 d5 4. g3 Bb4+ 5. Bd2 Be7 6. b3 O-O 7. Bg2 Ne4 8. O-O
Nxd2 9. Qxd2 Nd7 10. Nc3 c6 11. e4 dxe4 12. Nxe4 Nf6 13. Ne5 Nxe4 14. Bxe4 Bf6
15. Rad1 Qd6 16. c5 Qc7 17. f4 Rd8 18. g4 g6 19. h4 Bd7 20. h5 Be8 21. g5 Bg7
22. Qh2 b6 23. hxg6 hxg6 24. Ng4 Rxd4 25. Nf6+ Bxf6 26. gxf6 Qd8 27. Qc2 Qxf6
28. Kg2 Rad8 29. Rxd4 Qxd4 30. cxb6 axb6 31. Rf2 c5 32. Kg3 Kg7 33. Qe2 Bb5 34.
Qe1 Rh8 35. Bf3 Qf6 36. Rh2 Rxh2 37. Kxh2 Qxf4+ 38. Kg2 e5 39. a4 Bd3 40. Qc3
Qd4 41. Qe1 e4 42. Bg4 f5 43. Bd1 f4 44. Qh4 f3+ 45. Kh2 Qe5+ 46. Kg1 g5 0-1

[Event "4NCL 3 South pool B"]
[Site "Reading, ENG"]
[Date "2017.03.18"]
[Round "7.63"]
[White "Starley, Robert"]
[Black "Graham, William M"]
[Result "0-1"]
[WhiteElo "2088"]
[BlackElo "1846"]
[PlyCount "66"]
[EventDate "2017.03.18"]

1. e4 e6 2. d4 d5 3. e5 c5 4. c3 Nc6 5. Nf3 Qb6 6. Bd3 Bd7 7. dxc5 Bxc5 8. O-O
a5 9. Qb3 Nge7 10. Bf4 Ng6 11. Bg3 Qxb3 12. axb3 O-O 13. h4 f5 14. exf6 gxf6
15. Rd1 Nge5 16. Nxe5 Nxe5 17. Bc2 b6 18. Nd2 Ng4 19. Ne4 dxe4 20. Rxd7 f5 21.
Bd1 Nf6 22. Rb7 Rad8 23. Bf4 Ng4 24. Bxg4 fxg4 25. Be3 Bxe3 26. fxe3 Rd2 27.
Rf1 Rxf1+ 28. Kxf1 Rxb2 29. Rxb6 a4 30. Ra6 axb3 31. Ra1 Rc2 32. Rb1 b2 33. Ke1
Rc1+ 0-1

[Event "4NCL 3 South pool B"]
[Site "Reading, ENG"]
[Date "2017.03.18"]
[Round "7.64"]
[White "Finn, Thomas"]
[Black "Chan, Nevil"]
[Result "0-1"]
[WhiteElo "1783"]
[BlackElo "2007"]
[PlyCount "118"]
[EventDate "2017.03.18"]

1. e4 Nc6 2. d4 e5 3. Nf3 exd4 4. Nxd4 Qh4 5. Nf3 Qxe4+ 6. Be3 Bb4+ 7. c3 Bc5
8. Bd3 Qe7 9. O-O Bxe3 10. Re1 Qf6 11. Rxe3+ Nge7 12. Nbd2 d5 13. Nb3 O-O 14.
Qc2 Bf5 15. Nbd4 Bxd3 16. Qxd3 Nxd4 17. Nxd4 Ng6 18. Rae1 c5 19. Nf5 Nf4 20.
Qb1 Ne6 21. Rf3 Qd8 22. Rg3 Qd7 23. Qd1 Rad8 24. Qh5 Rde8 25. Ree3 f6 26. Qh6
Ng5 27. Nxg7 Qxg7 28. Qxg7+ Kxg7 29. h4 Rxe3 30. fxe3 Kg6 31. hxg5 fxg5 32. Rg4
b6 33. Ra4 Rf7 34. e4 dxe4 35. Rxe4 h5 36. Re2 h4 37. b4 cxb4 38. cxb4 Kh5 39.
Rd2 Kg4 40. Kh2 Rc7 41. Rd4+ Kf5 42. a4 Re7 43. a5 bxa5 44. bxa5 Re5 45. Ra4 a6
46. Kg1 Ke6 47. Kf2 Kd6 48. Kf3 Kc6 49. Kg4 Kb5 50. Ra1 Kb4 51. Ra2 Rxa5 52.
Rxa5 Kxa5 53. Kxg5 Kb4 54. Kxh4 a5 55. g4 a4 56. g5 a3 57. g6 a2 58. g7 a1=Q
59. g8=Q Qh1+ 0-1

[Event "4NCL 3 South pool B"]
[Site "Reading, ENG"]
[Date "2017.03.18"]
[Round "7.65"]
[White "Campbell, Mark C"]
[Black "Salmons, Calum"]
[Result "0-1"]
[WhiteElo "1933"]
[BlackElo "1685"]
[PlyCount "126"]
[EventDate "2017.03.18"]

1. e4 c5 2. Nf3 d6 3. d4 cxd4 4. Nxd4 Nf6 5. Nc3 g6 6. Be3 Bg7 7. f3 O-O 8. Qd2
Nc6 9. O-O-O d5 10. Qe1 e5 11. Nxc6 bxc6 12. exd5 Nxd5 13. Bc5 Re8 14. Bc4 Qg5+
15. Qd2 Qxd2+ 16. Rxd2 Nxc3 17. bxc3 Bh6 18. Kd1 Bxd2 19. Kxd2 Be6 20. Ba6
Rad8+ 21. Ke2 e4 22. a4 Bd5 23. f4 Rd7 24. Rb1 e3 25. g3 Be6 26. Bxe3 Rde7 27.
Kf2 Bc8 28. Bxc8 Rxe3 29. Bd7 Re2+ 30. Kf1 R8e7 31. a5 Rxh2 32. Bxc6 Rxc2 33.
a6 Rxc3 34. Rb8+ Kg7 35. Bb7 Rxg3 36. Kf2 Ra3 37. Ra8 h5 38. Rxa7 Rxa6 39. Rxa6
Rxb7 40. Ra3 Kf6 41. Kg3 Rb5 42. Rc3 Kf5 43. Re3 h4+ 44. Kf3 h3 45. Kg3 h2 46.
Kxh2 Kxf4 47. Ra3 Rb4 48. Kg2 Rb2+ 49. Kh3 Re2 50. Ra4+ Re4 51. Ra6 Kg5 52. Kg3
f5 53. Kf3 Re5 54. Ra4 f4 55. Rxf4 Rf5 56. Rxf5+ Kxf5 57. Kg3 Kg5 58. Kh3 Kf4
59. Kh4 g5+ 60. Kh3 Kf3 61. Kh2 g4 62. Kh1 Kf2 63. Kh2 g3+ 0-1

[Event "4NCL 3 South pool B"]
[Site "Reading, ENG"]
[Date "2017.03.18"]
[Round "7.66"]
[White "Neale, George"]
[Black "Phillips, William"]
[Result "1/2-1/2"]
[WhiteElo "1672"]
[BlackElo "1851"]
[PlyCount "48"]
[EventDate "2017.03.18"]

1. d4 Nf6 2. Nf3 e6 3. g3 b6 4. Bg2 Bb7 5. O-O Be7 6. c4 O-O 7. Nc3 Ne4 8. Nxe4
Bxe4 9. d5 Bf6 10. Ne1 Bxg2 11. Nxg2 e5 12. e4 d6 13. Ne3 g6 14. Ng4 Bg7 15.
Nh6+ Kh8 16. Qf3 f5 17. exf5 Bxh6 18. Bxh6 Rxf5 19. Qg4 Nd7 20. Bd2 Qe7 21. Bc3
Raf8 22. f4 Kg8 23. Rae1 Qf7 24. Bd2 Qf6 1/2-1/2

[Event "4NCL 3 South pool B"]
[Site "Reading, ENG"]
[Date "2017.03.18"]
[Round "7.71"]
[White "Rutter, Nick J"]
[Black "Pickard, Charles"]
[Result "1/2-1/2"]
[WhiteElo "2140"]
[BlackElo "2215"]
[PlyCount "29"]
[EventDate "2017.03.18"]

1. e4 c5 2. Nf3 e6 3. d4 cxd4 4. Nxd4 Nf6 5. Nc3 Nc6 6. Ndb5 Bb4 7. a3 Bxc3+ 8.
Nxc3 d5 9. exd5 exd5 10. Bd3 d4 11. Ne4 Nxe4 12. Bxe4 O-O 13. O-O Qf6 14. b3
Bf5 15. Bxf5 1/2-1/2

[Event "4NCL 3 South pool B"]
[Site "Reading, ENG"]
[Date "2017.03.18"]
[Round "7.72"]
[White "Hall, John"]
[Black "Hurney, Kevin"]
[Result "1-0"]
[WhiteElo "2222"]
[BlackElo "2095"]
[PlyCount "65"]
[EventDate "2017.03.18"]

1. e4 d6 2. d4 Nf6 3. Nc3 g6 4. f4 Bg7 5. Nf3 c6 6. Bd3 Bg4 7. h3 Bxf3 8. Qxf3
Qb6 9. e5 dxe5 10. fxe5 Nd5 11. Nxd5 cxd5 12. c3 Nc6 13. Be3 O-O 14. O-O Rad8
15. Qe2 f6 16. exf6 exf6 17. Qd2 Rfe8 18. Rae1 Qc7 19. Re2 Kh8 20. Rfe1 Qd7 21.
Bf4 Bf8 22. Re3 g5 23. Bg3 Rxe3 24. Qxe3 Ne7 25. Qf3 Kg7 26. Rf1 Qe6 27. Re1
Qf7 28. h4 gxh4 29. Bxh4 Ng6 30. Qf5 Re8 31. Bxf6+ Kg8 32. Rxe8 Qxe8 33. Qxd5+
1-0

[Event "4NCL 3 South pool B"]
[Site "Reading, ENG"]
[Date "2017.03.18"]
[Round "7.73"]
[White "Bryant, Richard B E"]
[Black "McGann, Gary"]
[Result "0-1"]
[WhiteElo "2072"]
[BlackElo "2099"]
[PlyCount "108"]
[EventDate "2017.03.18"]

1. e4 b6 2. Nc3 Bb7 3. f4 e6 4. d3 Nf6 5. Nf3 d5 6. e5 Nfd7 7. a3 c5 8. Be2 Nc6
9. O-O Be7 10. Qe1 g6 11. Qg3 h5 12. Bd2 a6 13. Na2 b5 14. b4 Nb6 15. Rfb1 Qd7
16. Qf2 d4 17. bxc5 Na4 18. Nc1 Nxc5 19. Nb3 Nxb3 20. Rxb3 Rc8 21. Kf1 Kf8 22.
h4 Kg8 23. Rb2 Kh7 24. Be1 Rc7 25. Nd2 Rhc8 26. Ne4 Nb8 27. Bf3 Bxe4 28. Bxe4
Nc6 29. Qe2 Kg7 30. g3 Bc5 31. Kg2 Qe7 32. a4 b4 33. Bd2 a5 34. Rh1 Rh8 35. g4
Qd8 36. Be1 Ne7 37. Bf2 Nd5 38. Qf3 hxg4 39. Qxg4 Rh5 40. Qg3 Ne7 41. Bf3 Nf5
42. Qh3 Rh6 43. Kg1 Qd7 44. Ra2 Rc8 45. Rh2 Bb6 46. Be1 Bd8 47. h5 b3 48. cxb3
Rc1 49. Rae2 Qc7 50. Qg4 Qc3 51. Kf2 Qxd3 52. Rh3 Rc2 53. hxg6 Rxg6 54. Qh5
Qe3+ 0-1

[Event "4NCL 3 South pool B"]
[Site "Reading, ENG"]
[Date "2017.03.18"]
[Round "7.74"]
[White "Birkin, Mark H"]
[Black "Whyte, Brian G"]
[Result "1/2-1/2"]
[WhiteElo "2065"]
[BlackElo "2065"]
[PlyCount "90"]
[EventDate "2017.03.18"]

1. e4 e6 2. d3 d5 3. Nd2 c5 4. Ngf3 Nc6 5. g3 Nf6 6. Bg2 Be7 7. O-O Qc7 8. Re1
b6 9. c3 Bb7 10. e5 Nd7 11. Qe2 h6 12. Nf1 O-O-O 13. h4 g5 14. hxg5 hxg5 15.
Nxg5 Bxg5 16. Bxg5 Rdg8 17. Bf4 Nf8 18. Qd2 d4 19. Nh2 Rh5 20. Nf3 Rgh8 21. g4
R5h7 22. Ng5 Rg7 23. Ne4 Rxg4 24. Nd6+ Kb8 25. Bg3 Ba6 26. Qe2 Rhg8 27. Qf3 Bb7
28. Nxb7 Kxb7 29. Re4 Rxe4 30. Qxe4 dxc3 31. bxc3 Ng6 32. d4 cxd4 33. cxd4 Nge7
34. Rc1 Rd8 35. a4 Nd5 36. Qd3 a5 37. Qb5 Qd7 38. Qc4 Ncb4 39. Qb3 Rc8 40. Rxc8
Qxc8 41. Bf4 Qc2 42. Qf3 Qxa4 43. Bd2 Qd7 44. Bxb4 axb4 45. Qb3 Qc6 1/2-1/2

[Event "4NCL 3 South pool B"]
[Site "Reading, ENG"]
[Date "2017.03.18"]
[Round "7.75"]
[White "Paul, Nathanael"]
[Black "Mossong, Hubert"]
[Result "0-1"]
[WhiteElo "2012"]
[BlackElo "2132"]
[PlyCount "108"]
[EventDate "2017.03.18"]

1. e4 d6 2. d4 Nf6 3. Nc3 c6 4. f4 Qa5 5. Bd2 e5 6. Nf3 Bg4 7. dxe5 dxe5 8. Nd5
Qd8 9. Nxf6+ Qxf6 10. fxe5 Qg6 11. Bd3 Nd7 12. Bc3 O-O-O 13. O-O Bc5+ 14. Kh1
Rhe8 15. Qd2 Bxf3 16. Rxf3 Nxe5 17. Bxe5 Rxe5 18. Qf4 f6 19. Rg3 Qf7 20. Rf1
Bd6 21. Qg4+ Rd7 22. Rh3 h6 23. b3 Qe7 24. Rh5 Kc7 25. Rff5 Rxf5 26. Rxf5 Be5
27. a4 a6 28. Rf1 Qc5 29. Qf3 Qc3 30. Qe2 Bd6 31. Qh5 Qe5 32. Qxe5 Bxe5 33. g3
b5 34. Kg2 Kb6 35. Kf3 Ka5 36. axb5 cxb5 37. Ke2 Kb4 38. Kd2 a5 39. Rb1 Bc3+
40. Ke3 Rb7 41. Be2 Ka3 42. Rd1 a4 43. Rd3 Kb2 44. bxa4 bxa4 45. Rd8 Rb4 46.
Bg4 Kxc2 47. Ra8 Kb2 48. Be6 a3 49. h4 Rb5 50. Bc4 Rb4 51. Be6 Be5 52. g4 Rb3+
53. Ke2 a2 54. h5 Ra3 0-1

[Event "4NCL 3 South pool B"]
[Site "Reading, ENG"]
[Date "2017.03.18"]
[Round "7.76"]
[White "Clark, William G Bill"]
[Black "Bennion, David"]
[Result "1-0"]
[WhiteElo "1839"]
[BlackElo "1997"]
[PlyCount "43"]
[EventDate "2017.03.18"]

1. e4 e6 2. d3 d5 3. Nd2 Nf6 4. g3 Bc5 5. Bg2 dxe4 6. dxe4 h5 7. h3 h4 8. g4 e5
9. Ngf3 Bxg4 10. hxg4 Nxg4 11. Rf1 h3 12. Bh1 Nc6 13. Qe2 Qd7 14. Nb3 Bb6 15.
Be3 Bxe3 16. fxe3 O-O-O 17. Nc5 Qd6 18. Qb5 Rde8 19. Qxb7+ Kd8 20. Rd1 Nd4 21.
Nxd4 exd4 22. Rxd4 1-0

[Event "4NCL 3 South pool B"]
[Site "Reading, ENG"]
[Date "2017.03.18"]
[Round "7.81"]
[White "Gallagher, Daniel GH"]
[Black "Thorarinsson, Pall A"]
[Result "1-0"]
[WhiteElo "2230"]
[BlackElo "2281"]
[PlyCount "101"]
[EventDate "2017.03.18"]

1. e4 d6 2. d4 Nf6 3. Nc3 g6 4. Bg5 Bg7 5. Qd2 h6 6. Bh4 g5 7. Bg3 Nh5 8. O-O-O
Nc6 9. d5 Ne5 10. Be2 Nxg3 11. hxg3 c6 12. f4 gxf4 13. gxf4 Ng4 14. Rh4 h5 15.
Nf3 Qa5 16. Ng5 Bxc3 17. bxc3 f6 18. Ne6 Bxe6 19. dxe6 Qxa2 20. Qd4 c5 21. Qd5
Qxd5 22. Rxd5 O-O-O 23. Rdxh5 Rxh5 24. Rxh5 Rg8 25. Kd2 a5 26. Rh4 f5 27. exf5
Nf6 28. g4 a4 29. g5 Ne4+ 30. Kd3 d5 31. Bf3 c4+ 32. Ke3 Ng3 33. Kf2 Nxf5 34.
Rh1 d4 35. Rb1 Rh8 36. Bxb7+ Kc7 37. Be4 Nd6 38. Bg6 dxc3 39. Ra1 Kc6 40. Rxa4
Kd5 41. Ra5+ Kxe6 42. f5+ Kd7 43. Ra7+ Kc6 44. Rxe7 Rh2+ 45. Kf3 Rxc2 46. f6
Rc1 47. Re2 Rg1 48. Be8+ Kc7 49. g6 Nxe8 50. f7 Rf1+ 51. Kg2 1-0

[Event "4NCL 3 South pool B"]
[Site "Reading, ENG"]
[Date "2017.03.18"]
[Round "7.82"]
[White "Moloney, Nicholas R"]
[Black "Tozer, Philip A A"]
[Result "0-1"]
[WhiteElo "2191"]
[BlackElo "2145"]
[PlyCount "138"]
[EventDate "2017.03.18"]

1. e4 e6 2. d4 d5 3. Nc3 Nf6 4. Bg5 Be7 5. e5 Nfd7 6. Bxe7 Qxe7 7. f4 O-O 8.
Nf3 a6 9. Qd2 c5 10. a4 Nc6 11. Be2 f6 12. exf6 Qxf6 13. g3 cxd4 14. Nd1 e5 15.
fxe5 Ndxe5 16. Nxe5 Nxe5 17. Ra3 d3 18. Rxd3 Nxd3+ 19. Qxd3 Qe5 20. Qe3 Qxe3
21. Nxe3 d4 22. Nd5 Bf5 23. Ne7+ Kh8 24. Nxf5 Rxf5 25. Rf1 Rxf1+ 26. Bxf1 Rd8
27. Kd2 Kg8 28. Bg2 b6 29. Bb7 a5 30. Kd3 Kf7 31. Kc4 Rb8 32. Bd5+ Ke7 33. Kxd4
Kd6 34. Be4 h6 35. h4 b5 36. axb5 Rxb5 37. b3 Rb4+ 38. Ke3 Ke5 39. Bf3 Rb8 40.
Kd3 Rc8 41. c3 Rc7 42. Be2 Rb7 43. Bd1 Rd7+ 44. Ke2 g5 45. hxg5 hxg5 46. Bc2
Rd8 47. Ke3 Rh8 48. Bd3 Rh1 49. g4 Rh2 50. Be2 Rg2 51. Kd3 Rg3+ 52. Kd2 Ke4 53.
Bd1 Rd3+ 54. Kc2 Ke3 55. Bf3 Rd2+ 56. Kc1 Kd3 57. c4 Kc3 58. Bd1 Rf2 59. Kb1
Rf1 60. Kc1 Re1 61. c5 Re5 62. c6 Rc5 63. Kb1 Rxc6 64. Bc2 Rh6 65. Bf5 Kxb3 66.
Ka1 Rh1+ 67. Bb1 Kc3 68. Ka2 Rxb1 69. Kxb1 Kd3 0-1

[Event "4NCL 3 South pool B"]
[Site "Reading, ENG"]
[Date "2017.03.18"]
[Round "7.83"]
[White "Moore, Graham J"]
[Black "Okhai, Shabir"]
[Result "0-1"]
[WhiteElo "2099"]
[BlackElo "2105"]
[PlyCount "96"]
[EventDate "2017.03.18"]

1. e4 e5 2. f4 d5 3. exd5 exf4 4. Qf3 Nf6 5. Nc3 Bd6 6. Bb5+ Bd7 7. Nge2 O-O 8.
Bxd7 Nbxd7 9. d4 Nb6 10. O-O Bb4 11. Bxf4 Bxc3 12. Nxc3 Nfxd5 13. Rae1 Nxf4 14.
Qxf4 Qd7 15. Re4 Rae8 16. Rfe1 Nc4 17. Nd5 Rxe4 18. Qxe4 Nd6 19. Qe7 Qa4 20.
Nxc7 Qxd4+ 21. Kh1 g6 22. c3 Qd2 23. Qe2 Qxe2 24. Rxe2 Nc4 25. Nb5 Rd8 26. Nd4
Kf8 27. b3 Nd6 28. Kg1 Re8 29. Kf2 Ne4+ 30. Kf3 Nxc3 31. Rc2 Nd5 32. Rc5 Nb4
33. Rb5 Nxa2 34. Rxb7 a6 35. Rb6 Ra8 36. Nc6 Nc3 37. Rb7 Re8 38. Ra7 Nd5 39.
Rd7 Re6 40. Nd8 Rf6+ 41. Kg3 Nc3 42. Ra7 Ne4+ 43. Kh3 h5 44. Rc7 g5 45. g3 Rf2
46. g4 h4 47. Rd7 Nd2 48. Nxf7 Nf3 0-1

[Event "4NCL 3 South pool B"]
[Site "Reading, ENG"]
[Date "2017.03.18"]
[Round "7.84"]
[White "Agnew, Alan"]
[Black "Moore, Geoffrey R"]
[Result "1-0"]
[WhiteElo "2102"]
[BlackElo "2140"]
[PlyCount "99"]
[EventDate "2017.03.18"]

1. d4 Nf6 2. Nf3 g6 3. c4 Bg7 4. Nc3 O-O 5. e4 d6 6. Be2 Nbd7 7. O-O e5 8. Be3
Ng4 9. Bg5 f6 10. Bc1 Nh6 11. Rb1 c6 12. b4 f5 13. dxe5 dxe5 14. Ng5 Qe7 15. c5
f4 16. Bc4+ Kh8 17. Ne6 Rf6 18. Ng5 Nf8 19. Qb3 Ne6 20. Nxe6 Bxe6 21. f3 g5 22.
h3 Rg6 23. Bxe6 Rxe6 24. Ba3 a6 25. Rbd1 Nf7 26. Rd3 Rd8 27. Rfd1 Rxd3 28. Rxd3
h5 29. Qd1 Rg6 30. Rd7 Qf8 31. Rxb7 g4 32. Qd7 Nh6 33. hxg4 hxg4 34. Kf2 Qf6
35. Qe7 gxf3 36. gxf3 Qxe7 37. Rxe7 Bf6 38. Ra7 Bh4+ 39. Kf1 Rg3 40. Ke2 Rg2+
41. Kd3 Rf2 42. Rxa6 Rxf3+ 43. Kc4 Rh3 44. b5 f3 45. Nd1 Rh1 46. bxc6 Bd8 47.
Nf2 Rh2 48. Ra8 Nf7 49. Rxd8+ Nxd8 50. c7 1-0

[Event "4NCL 3 South pool B"]
[Site "Reading, ENG"]
[Date "2017.03.18"]
[Round "7.85"]
[White "Peck, Silas"]
[Black "George, Matthew P"]
[Result "1-0"]
[WhiteElo "2095"]
[BlackElo "2031"]
[PlyCount "95"]
[EventDate "2017.03.18"]

1. e4 c5 2. Nf3 e6 3. d4 cxd4 4. Nxd4 Nf6 5. Nc3 d6 6. Be2 Be7 7. O-O O-O 8.
Be3 a6 9. a4 b6 10. f4 Qc7 11. Bd3 Bb7 12. Qf3 Nc6 13. Nxc6 Bxc6 14. Qh3 Rfe8
15. Rae1 Nd7 16. f5 exf5 17. Qxf5 Bf6 18. Bc4 Nc5 19. Nd5 Bxd5 20. Bxd5 Rac8
21. b3 Nd7 22. Re2 Re5 23. Qg4 Rce8 24. Bf4 R5e7 25. Kh1 Ne5 26. Qg3 g6 27.
Ref2 Bg7 28. Bxe5 Bxe5 29. Rxf7 Rxf7 30. Rxf7 Qc5 31. Qh3 Bg7 32. Rxg7+ Kxg7
33. Qd7+ Kh6 34. Qxe8 Qf2 35. h3 Qf1+ 36. Kh2 Qf4+ 37. Kg1 Qc1+ 38. Kf2 Qd2+
39. Kg3 Qe3+ 40. Kg4 Qe2+ 41. Kg3 Qe3+ 42. Kh2 Qf4+ 43. Kg1 Qc1+ 44. Kf2 Qd2+
45. Kf3 Qd1+ 46. Kg3 Qg1 47. Qf8+ Kh5 48. Qxd6 1-0

[Event "4NCL 3 South pool B"]
[Site "Reading, ENG"]
[Date "2017.03.18"]
[Round "7.86"]
[White "Millward, Kevin P"]
[Black "Myall, Ivan J"]
[Result "1-0"]
[WhiteElo "2028"]
[BlackElo "2057"]
[PlyCount "83"]
[EventDate "2017.03.18"]

1. d4 Nf6 2. Bf4 d5 3. e3 Bf5 4. Nf3 c6 5. c4 e6 6. Nc3 Nbd7 7. Qb3 Qb6 8. c5
Qxb3 9. axb3 Nh5 10. Bg3 Nxg3 11. hxg3 Be7 12. b4 O-O 13. Kd2 g5 14. b5 e5 15.
b4 e4 16. Ne1 Nf6 17. Nc2 cxb5 18. Bxb5 a6 19. Be2 Bd7 20. b5 axb5 21. Bxb5
Bxb5 22. Nxb5 Ng4 23. Ke2 Nf6 24. Rhb1 Rfc8 25. Rxa8 Rxa8 26. Nc3 Ra7 27. Nb4
Bd8 28. Rb2 Kg7 29. Nbxd5 Nxd5 30. Nxd5 Ra3 31. g4 Ba5 32. f3 h5 33. gxh5 exf3+
34. Kxf3 Ra1 35. Rxb7 Rf1+ 36. Ke4 Kh6 37. g4 Bd2 38. Ne7 Ra1 39. Nf5+ Kh7 40.
Rxf7+ Kg8 41. Rg7+ Kh8 42. Rxg5 1-0